| 000 | 00497nam a2200193 4500 | ||
|---|---|---|---|
| 003 | SEACOMMC | ||
| 005 | 20231018065058.0 | ||
| 008 | 231018b |||||||| |||| 00| 0 eng d | ||
| 020 | _cRs. 235.00 | ||
| 040 | _aSEACOMMC | ||
| 082 |
_a621.38132 _bCHA |
||
| 100 | 1 | _aChakrabarti, Abhijit | |
| 245 | 1 |
_aCircuit theory _cAbhijit Chakrabarti _danalysis and synthesis |
|
| 250 | _a5th rev. ed. | ||
| 260 |
_aDelhi _bDhanpat Rai _c2006 |
||
| 650 | _aEngineering | ||
| 650 | _aElectronics | ||
| 942 | _cBOOK | ||
| 999 |
_c246 _d246 |
||